000 01005cam a2200313 a 4500
999 _c50554
_d50554
001 14771213
005 20200226115546.0
008 070316s2008 nyuab b 001 0 eng
010 _a 2007924869
020 _a9780716779285 (hardcover)
020 _a0716779285 (hardcover)
020 _a9781429211451 (pbk.)
020 _a1429211458 (pbk.)
040 _aDLC
_cDLC
050 0 0 _aQH430
_b.P54 2008
080 _a575 P-61
082 0 0 _a576.5
_222
100 1 _aPierce, Benjamin A.
_97475
245 1 0 _aGenetics :
_ba conceptual approach /
_cBenjamin A. Pierce.
250 _a3rd ed.
264 _aNew York, NY :
_bW.H. Freeman,
_cc2008.
300 _a730 p. (various pagings) :
_bill. (some col.), col. map ;
_c28 cm.
504 _aIncludes bibliographical references and index.
650 0 _aGenetics.
_97476
653 _aგენეტიკა
906 _a7
_bcbc
_corignew
_d2
_eepcn
_f20
_gy-gencatlg
942 _2udc
_cBK
955 _apc24 2007-03-16
_ijb17 2008-04-07
_aaa07 2008-04-23